Statistics for Cincinnati Airport (CVG) Destinations

Click here to take the quiz!

General Stats

  • This quiz has been taken 223 times
    (145 since last reset)
  • The average score is 41 of 52

Answer Stats

HintAirlinesAnswer% Correct
GeorgiaDelta, FrontierAtlanta
99%
TexasAmerican Eagle, Delta Connection, AllegiantAustin
98%
MassachusettsAmerican Eagle, DeltaBoston
98%
TexasAmerican, American Eagle, Delta Connection, FrontierDallas/Fort Worth
98%
ColoradoDelta, United, United Express, Southwest, Frontier, AllegiantDenver
96%
IllinoisSouthwestChicago Midway
95%
IllinoisAmerican Eagle, Delta Connection, United, United ExpressChicago O'Hare
95%
MichiganDelta ConnectionDetroit
95%
New YorkAmerican Eagle, Delta ConnectionNew York JFK
93%
TexasUnited, United ExpressHouston Bush
92%
ArizonaAmerican, SouthwestPhoenix
92%
MarylandSouthwestBaltimore
90%
MexicoFrontier, Viva AerobusCancun
90%
North CarolinaAmerican, American EagleCharlotte
90%
NevadaDelta, Frontier, AllegiantLas Vegas
90%
CaliforniaDelta, AllegiantLos Angeles
90%
FloridaAmerican, American Eagle, FrontierMiami
90%
LouisianaFrontier, AllegiantNew Orleans
90%
New YorkAmerican Eagle, Delta ConnectionNew York LaGuardia
90%
FloridaDelta, Southwest, FrontierOrlando
90%
UtahDeltaSalt Lake City
90%
WashingtonDelta, AlaskaSeattle
90%
CaliforniaDeltaSan Francisco
89%
DCUnited ExpressWashington Dulles
89%
DCAmerican Eagle, Delta ConnectionWashington National
89%
FloridaDelta, Southwest, FrontierTampa
88%
South CarolinaUnited Express, AllegiantCharleston
86%
FloridaAllegiantJacksonville
86%
PennsylvaniaAmerican EaglePhiladelphia
86%
CanadaAir Canada ExpressToronto
86%
MinnesotaDelta, Sun CountryMinneapolis
85%
New JerseyDelta Connection, United Express, AllegiantNewark
82%
FranceDeltaParis
81%
FloridaDelta, AllegiantFort Lauderdale
80%
MaineUnited ExpressPortland
77%
Rhode IslandAllegiantProvidence
75%
GeorgiaAllegiantSavannah
69%
FloridaAllegiantKey West
68%
FloridaDelta, Southwest, FrontierFort Myers
67%
VirginiaAllegiantNorfolk
65%
FloridaSouthwest, Frontier, AllegiantSarasota
61%
FloridaAllegiantFort Walton Beach
58%
South CarolinaAllegiantMyrtle Beach
57%
FloridaUnited ExpressPensacola
56%
FloridaAllegiantSt. Petersburg
56%
ArizonaAllegiantMesa
54%
FloridaAllegiantWest Palm Beach
50%
South CarolinaUnited ExpressHilton Head
44%
FloridaAllegiantPunta Gorda
44%
Mexico (BCS)VivaAerobusSan Jose del Cabo
38%
FloridaAllegiantSanford
29%
TexasSouthwestHouston Hobby
26%

Score Distribution

Percentile by Number Answered

Percent of People with Each Score

Your Score History

You have not taken this quiz since the last reset